000 02334nam0a2200385 4500
001 RU\NLR\BIBL_A\022771344
005 20260531093331.0
010 _a978-5-908068-31-4
_9500
021 _aRU
_bКН-П-26-008309
_9КН-П-26-0795
035 _a(NLR Aleph) 022771344
090 _a13715266
_c13715266
100 _a20260331d2025 u y0rusy50 ca
101 0 _arus
102 _aRU
105 _ay z 000 y
181 0 _ai4
_baxxe
182 0 _an
200 1 _aПроблемы следственной тактики
_eучебное пособие
_eдля обучающихся по направлению подготовки 40.04.01 Юриспруденция
_fB. Д. Зеленский, С. И. Грицаев, Е. Г. Куемжиева, Д. А. Влезько
_gпод общей редакцией В. Д. Зеленского
_gМинистерство сельского хозяйства Российской Федерации, ФГБОУ ВО "Кубанский государственный аграрный университет имени И. Т. Трубилина"
203 _aТекст
_bвизуальный
_cнепосредственный
210 _aКраснодар
_cКубГАУ
_d2025
215 _a84 с.
_d21
300 _aАвт. указаны на обороте тит. л. в макете и над вып. дан.
320 _aБиблиогр.: с. 79-84 (71 назв.)
606 1 _aКриминалистическая тактика
_jУчебные издания для высших учебных заведений
_yРоссийская Федерация
_92136557
_3RU\NLR\AUTH\661288271
686 1 _aХ629.42я73
701 1 _aЗеленский
_bВ. Д.
_f1940-
_gВладимир Дмитриевич
701 1 _aГрицаев
_bС. И.
_gСергей Иванович
701 1 _aВлезько
_gДмитрий Александрович
701 1 _aКуемжиева
_bЕ. Г.
_gЕлена Геннадьевна
712 0 2 _4475
_aКубанский государственный аграрный университет им. И. Т. Трубилина
_cКраснодар
_92644546
_3RU\NLR\AUTH\880618071
942 _cBOOK
980 _aNB